10 najpopularniejszych języków obcych w Los Angeles - Statystyki

Ogólne statystyki
  • Ten quiz został rozwiązany 329 razy
  • Średni wynik to 5 z 10
Statystyki odpowiedzi
% Język % Poprawnych
36.4 hiszpański
97%
3.43 chiński
81%
0.45 rosyjski
76%
0.55 japoński
71%
0.51 arabski
55%
2.13 koreański
49%
2.04 wietnamski
23%
0.86 perski
10%
1.42 armeński
3%
2.25 tagalski
3%
Nie znaleziono quizów pasujących do podanych kryteriów
Rozkład punktacji
Procent ludzi z każdym wynikiem
Percentyl według liczby udzielonych odpowiedzi
Twoja historia wyników
Nie rozwiązałeś tego quizu